000
00325nam a2200121Ia 4500
008
190216s9999||||xx |||||||||||||| ||und||
100
_a
Puri B.R & Sharma.L.R
245
0
_a
Principles Of Inorganic Chemistry
260
_b
Vallabh Publications
_c
2004
300
_a
1488
650
_a
Inorganic Chemistry
942
_c
BK
999
_c
3162
_d
3162